000 01060nam a22002297a 4500
005 20100518104511.0
008 100518t xxu||||| |||| 00| 0 hin d
010 _aHIN-89322
020 _a8171981720
_c200.00
035 _aHN-61668
037 _bDBAD / PUB
040 _aDPL
_bHN
082 _a320.3
100 _aगाबा, ओम् प्रकाश
_919438
245 _aतुलनात्मक राजनीति की रूपरेखा /
_cओम् प्रकाश गाबा
250 _a5वाँ संस्क.
260 _aनौएडा
_bमयूर पैपरबैक्स
_c2009(पुनर्मु)
270 _aए-95, सैक्टर-5
_bनौएडा
_e201301
300 _axii,380पृ
_c22सेमी (अजिल्द)
942 _2ddc
_cHN
_mगाबाओ
_h320.3
999 _c36157
_d36157